000 00612nam a2200157 4500
005 20250103092633.0
008 250103b |||||||| |||| 00| 0 eng d
040 _cPK-LaUMT
082 _aAPC 297.4
_bABD-M
100 _aAbdul Rehman Umaira, Muhammad = عبدالرحمن عمیرہ، محمد
_93952
245 _aMaqamat i salook = مقامات سلوک /
_cby Muhammad Abdul Rehman Umaira = محمد عبدالرحمن عمیرہ ; translated by Muhammad Akram = محمد اکرم الازہری
260 _aLahore :
_bZkia ul Quran Publications,
_cNA
300 _a151 p.
546 _aUrdu
942 _cBK
999 _c136467
_d136467